| Tag |
First Indicator |
Second Indicator |
Subfields |
| LEADER |
00000cam a2200000 i 4500 |
| 001 |
in00004726257 |
| 003 |
OCoLC |
| 005 |
20230630164604.6 |
| 008 |
210624t20222022enka b 000 m eng d |
| 035 |
|
|
|a (OCoLC)1257480172
|
| 040 |
|
|
|a YDX
|e rda
|c YDX
|d COO
|d BDX
|
| 020 |
|
|
|a 9781913689490
|q (hardback)
|
| 020 |
|
|
|a 1913689492
|q (hardback)
|
| 050 |
|
4 |
|a PR6119.H357
|b N46 2022
|
| 082 |
0 |
|
|a 828/.9209
|2 23
|
| 100 |
1 |
|
|a Shani, Tai,
|d 1976-
|e author.
|
| 245 |
1 |
4 |
|a The neon hieroglyph /
|c Tai Shani.
|
| 264 |
|
1 |
|a London :
|b Strange Attractor Press,
|c [2022].
|
| 264 |
|
4 |
|c ©2022.
|
| 300 |
|
|
|a 71 pages :
|b color illustrations ;
|c 22 cm.
|
| 336 |
|
|
|a text
|b txt
|2 rdacontent
|
| 337 |
|
|
|a unmediated
|b n
|2 rdamedia
|
| 338 |
|
|
|a volume
|b nc
|2 rdacarrier
|
| 504 |
|
|
|a Includes bibliographical references.
|
| 505 |
0 |
0 |
|t The unbroken cycle of our interdependency" /
|r Amy Hale --
|t The neon hieroglyph /
|r Tai Shani --
|t Dissociated Press : an essay for Tai /
|r Caspar Heinemann.
|
| 650 |
|
0 |
|a LSD (Drug)
|v Fiction.
|
| 650 |
|
0 |
|a Feminism
|v Fiction.
|
| 945 |
|
|
|b 738044
|
| 947 |
|
|
|a A14851399379
|
| 948 |
|
|
|a dmitchel 6/30/23 11.44.28
|
| 980 |
|
|
|b print
|c 40031796168
|f LIT/B
|g 565714
|k USD
|m 20.21
|q 1
|s AcqMono Conventional
|t Approval plan
|u Vendor order reference number
|v ZYBP
|y Print approval
|z Physical resource
|
| 999 |
f |
f |
|i 687a65f6-7646-47d8-9f6f-ce3268dbb92e
|s 18d50fde-0726-467e-acab-ef544a0b17c7
|t 0
|
| 952 |
f |
f |
|p normal
|a Texas A&M University
|b College Station
|c Sterling C. Evans Library
|d Evans: Library Stacks
|t 0
|e PR6119.H357 N46 2022
|h Library of Congress classification
|i unmediated -- volume
|m A14851399379
|
| 998 |
f |
f |
|a PR6119.H357 N46 2022
|t 0
|l Evans: Library Stacks
|